VI Congreso internacional sobre manejo de fauna Silvestre de la Amazonía y Latinoamérica : (Registro nro. 4558)

Detalles MARC
000 -CABECERA
Campo de control 00842nam a2200229 i 4500
005 - FECHA Y HORA DE LA ULTIMA TRANSACCION
Campo de control 20200104041551.0
008 - ELEMENTOS DE LONGITUD FIJA—INFORMACION GENERAL
Campo de control 140317s2004 pe ||||| |||| 00| 0 spa d
040 ## - FUENTE DE CATALOGACIÓN
Agencia catalogadora original CO-BoIAVH
Agencia transcriptora CO-BoIAVH
041 ## - IDIOMA
Código de idioma para texto/pista de sonido o título separado Español
044 ## - PAÍS DE PUBLICACIÓN
País de publicación Perú
082 04 - NUMERO DE CLASIFICACION DECIMAL DEWEY
Número de clasificación 333.95416
Número del ítem C74c
111 2# - ASIENTO PRINCIPAL--NOMBRE DE REUNION
Nombre de reunión o de jurisdicción como elemento de entrada Congreso Internacional sobre Manejo de Fauna Silvestre de la Amazonía y Latinoamérica
Lugar de la reunión Iquitos
Fecha de la reunión 2004
Número de la parte/sección/reunión VI
9 (RLIN) 48229
245 13 - MENCION DE TITULO
Título VI Congreso internacional sobre manejo de fauna Silvestre de la Amazonía y Latinoamérica :
Parte restante del título libro de resúmenes
260 ## - PUBLICACION, DISTRIBUCION, ETC. (PIE DE IMPRENTA)
Lugar de publicación, distribución, etc. Iquitos :
Nombre del editor, distribuidor, etc. SNV,
Fecha de publicación, distribución, etc. 2004
300 ## - DESCRIPCION FISICA
Extensión 125 páginas ;
Dimensiones 30 cm.
650 14 - ASIENTO SECUNDARIO DE MATERIA - TERMINO TEMATICO
Término temático o nombre geográfico como elemento de entrada Conservación de la vida silvestre
9 (RLIN) 158
650 24 - ASIENTO SECUNDARIO DE MATERIA - TERMINO TEMATICO
Término temático o nombre geográfico como elemento de entrada Conservación de especies
9 (RLIN) 48231
650 24 - ASIENTO SECUNDARIO DE MATERIA - TERMINO TEMATICO
Término temático o nombre geográfico como elemento de entrada Fauna
Subdivisión general Conservación
9 (RLIN) 48232
650 24 - ASIENTO SECUNDARIO DE MATERIA - TERMINO TEMATICO
Término temático o nombre geográfico como elemento de entrada Gestión de la vida silvestre
9 (RLIN) 48233
942 ## - ELEMENTOS ADICIONALES (KOHA)
Tipo de ítem Libro
Sistema de clasificación Dewey Decimal Classification
945 ## - PROCESAMIENTO LOCAL
AAAA-MM-DD - Fecha de ingreso o modificacion 2005-06-13
Existencias
Withdrawn status Lost status Sistema de Clasificación Damaged status No para préstamo Colección Inventariado Ubicación Permanente Ubicación actual Fecha de adquisición Fuente de Valor Total Checkouts Número topográfico Inventario / Código de Barras Date last seen Ejemplar Price effective from Tipo de material
    Dewey Decimal Classification     General Inventariado 2017 Bogotá Bogotá 13/06/2005 Múnera, Claudia   LB-333.95416 C74c 019067 04/12/2012 Ej. 1 04/12/2012 Libro